00696 2200241 4500001002100000005001700021008004100038020002200079035002500101040001200126082001100138084002100149090002100170100002800191245009600219250001100315260003300326300002200359500002700381650001700408700001700425850001200442INLIS00000000000496320150505095046.0  a978-602-7665-49-1 a0010-051500000000096 aYOPDYOG a297.57 aDEP 297.57 Yaz A aDEP 297.57 Yaz A aYAZID Al-BUSTHOMI, Ust. aAkibat-akibat fatal meremehkan sholat hajatc/ Ust. Yazid Al-Busthomi ; editor Hakan Syukur aCet.1. aYogyakartabDiva Pressc2013 a188 hlm.c; 20 cm aBibliografi : hlm. 185 aShalat hajat aHakan Syukur aYOPDYOG